« Retourner aux résultats de recherche
Pour un meilleur tennis
le rôle du bras et de la raquette
| Auteur principal: | Didier Masson |
|---|---|
| Support: | Livres |
| Langue: | Francais |
| Publié: |
2004 Chiron [Paris] |
| Genre: |
Documentaire |
| Collection: |
Sports pratique |
| Sujets: | |
| Étiquettes: |
Ajouter
Pas de Tags !
|
| LEADER | 00994nam0a2200217 450 | ||
|---|---|---|---|
| 001 | 16807634 | ||
| 010 | |a 2-7027-0998-2 |b Br. |d 18 | ||
| 100 | |a 20040423d2004 u u0frey01 ba | ||
| 101 | 0 | |a fre | |
| 102 | |a FR | ||
| 200 | 0 | |a Pour un meilleur tennis |e le rôle du bras et de la raquette |f Didier Masson | |
| 207 | 1 | |a | |
| 210 | |a [Paris] |c Chiron |d 2004 | ||
| 215 | |a 159 p. |c ill. |d 24 x 17 cm | ||
| 225 | 1 | |a Sports pratique | |
| 300 | |a Glossaire,Glossaire | ||
| 330 | |a L'utilisation du bras libre dans le jeu de tennis est déterminante et permet d'éviter certains défauts, certaines pertes d'efficacité, lors du coup droit, revers, revers à deux mains, le service, le smash et la volée. Cette méthode explique comment optimiser son utilisation du bras libre et progresser rapidement. | ||
| 700 | 0 | |a Masson |b Didier |4 70 | |
| 900 | |a Documentaire | ||
| 901 | |a Accessible au prêt | ||
| 995 | |a Bibliothèque |c Bibliothèque |f 00156006263891 |h 00156006263891 |k 796.342 MAS |o p |q a |r az |e Bibliothèque | ||
